00577nam a2200181 4500001000500000005001700005010000500022020001800027100001900045245009800064250000500162260006400167300002400231500003600255650003600291650003800327650003000365396920181127172314.000a00a978812033264500aJacobson, Reed00aMicrosoft office excel 2007 :bVisual basic for applications step by step /cReed Jacobson.h00a00aNew Delhi :bPrentice-Hall of India Private Limited,c2007.00axxi, 354p. : 23 cm.00aCD Available to Accompany Text.00aBusiness --Computer programs.x00aMicrosoft Excel (Computer file)x00aMicrosoft Visual BASIC.x